<?xml version="1.0" encoding="UTF-8"?>
<record
    xmlns:xsi="http://www.w3.org/2001/XMLSchema-instance"
    xsi:schemaLocation="http://www.loc.gov/MARC21/slim http://www.loc.gov/standards/marcxml/schema/MARC21slim.xsd"
    xmlns="http://www.loc.gov/MARC21/slim">

  <leader>00784nam a22002057a 4500</leader>
  <controlfield tag="005">20081007095452.0</controlfield>
  <controlfield tag="008">080630t        xxu||||| |||| 00| 0 tml d</controlfield>
  <datafield tag="010" ind1=" " ind2=" ">
    <subfield code="a">TM-29106</subfield>
  </datafield>
  <datafield tag="035" ind1=" " ind2=" ">
    <subfield code="a">TML-30867</subfield>
  </datafield>
  <datafield tag="037" ind1=" " ind2=" ">
    <subfield code="b">dpl/dbad</subfield>
  </datafield>
  <datafield tag="082" ind1=" " ind2=" ">
    <subfield code="a">080 / VAZ</subfield>
  </datafield>
  <datafield tag="245" ind1=" " ind2=" ">
    <subfield code="a">&#xBB5;&#xBBE;&#xBB4;&#xBCD;&#xBB5;&#xBBF;&#xBAF;&#xBB2;&#xBCD; &#xB85;&#xBB1;&#xB99;&#xBCD;&#xB95;&#xBB3;&#xBCD;</subfield>
    <subfield code="b"> ed by &#xBA4;&#xBC1;&#xBB0;&#xBC8;.&#xBAA;&#xB9F;&#xBCD;&#xB9F;&#xBBE;&#xBAA;&#xBBF;&#xBB0;&#xBBE;&#xBAE;&#xBA9;&#xBCD;...{etal]</subfield>
  </datafield>
  <datafield tag="246" ind1=" " ind2=" ">
    <subfield code="a">Vazhviyal Arangal</subfield>
    <subfield code="b">ed by Durai Pattabiraman</subfield>
  </datafield>
  <datafield tag="250" ind1=" " ind2=" ">
    <subfield code="a">1st ed</subfield>
  </datafield>
  <datafield tag="260" ind1=" " ind2=" ">
    <subfield code="a">Chennai</subfield>
    <subfield code="b">Kalaignan Pathippagam</subfield>
    <subfield code="c">2007</subfield>
  </datafield>
  <datafield tag="270" ind1=" " ind2=" ">
    <subfield code="a">19,Kannadasan Street, T.Nagar</subfield>
    <subfield code="b">Chennai</subfield>
    <subfield code="e">600017</subfield>
  </datafield>
  <datafield tag="300" ind1=" " ind2=" ">
    <subfield code="a">320p</subfield>
    <subfield code="c">22cm</subfield>
  </datafield>
  <datafield tag="942" ind1=" " ind2=" ">
    <subfield code="c">TM</subfield>
    <subfield code="2">ddc</subfield>
    <subfield code="h">080 </subfield>
    <subfield code="m">VAZ</subfield>
  </datafield>
  <datafield tag="999" ind1=" " ind2=" ">
    <subfield code="c">14138</subfield>
    <subfield code="d">14138</subfield>
  </datafield>
  <datafield tag="952" ind1=" " ind2=" ">
    <subfield code="0">0</subfield>
    <subfield code="1">0</subfield>
    <subfield code="2">ddc</subfield>
    <subfield code="4">0</subfield>
    <subfield code="7">1</subfield>
    <subfield code="8">NFIC</subfield>
    <subfield code="a">DBAD</subfield>
    <subfield code="b">DBAD</subfield>
    <subfield code="d">2008-07-02</subfield>
    <subfield code="g">200.00</subfield>
    <subfield code="l">0</subfield>
    <subfield code="o">080 / VAZ</subfield>
    <subfield code="p">TM-29106</subfield>
    <subfield code="r">2008-09-15 00:00:00</subfield>
    <subfield code="t">1</subfield>
    <subfield code="v">200.00</subfield>
    <subfield code="w">2008-09-15</subfield>
    <subfield code="y">TM</subfield>
  </datafield>
</record>
